Rois de France par dates de règne. - Statistiques

Statistiques générales
  • Ce quiz a été pris 546 fois
  • Le résultat moyen est 7 sur 10
Statistiques - réponses
Règne Roi % Correct
1774 - 1793 Louis XVI
92%
1643 - 1715 Louis XIV
91%
1515 - 1547 François Ier
84%
768 - 814 Charles Ier, Charlemagne
83%
481 - 511 Clovis Ier
70%
1226 - 1270 Louis IX
67%
1422 - 1461 Charles VII
66%
1180 - 1223 Philippe II Auguste
59%
1314 - 1316 Louis X
55%
1350 - 1364 Jean II
50%
Aucun quiz correspondant
Distribution des résultats
% des personnes avec chaque résultat
Percentile par nombre de réponses
Votre historique - résultats
Vous n’avez pas pris ce quiz